Diseño de la red de datos para gestión de nueva red SDH - PDH de UEN CENCE, ICE

Պահպանված է:
Մատենագիտական մանրամասներ
Հիմնական հեղինակ: Meseguer Armijo, Edgar Antonio
Ձևաչափ: Գիրք
Հրապարակվել է: 2006 San José, C.R.
Խորագրեր:
Ցուցիչներ: Ավելացրեք ցուցիչ
Չկան պիտակներ, Եղեք առաջինը, ով նշում է այս գրառումը!

MARC

LEADER 00000nam a2200000Ia 4500
003 009676
005 20221231144124.0
008 140114s2006 cr a m 000 ||s d
040 |c cru CEDI  
090 |a TFG 5207 
100 |a Meseguer Armijo, Edgar Antonio  |9 5693 
245 |a Diseño de la red de datos para gestión de nueva red SDH - PDH de UEN CENCE, ICE  
260 |c San José, C.R.  |b 2006 
300 |a  viii, 110 hojas : ilustraciones (algunas a color)  
500 |a  Proyecto de graduación (magíster en ingeniería eléctrica con mención en comunicaciones digitales)--Universidad de Costa Rica. Sistema de Estudios de Posgrado 
650 |x JERARQUIA DIGITAL SINCRONA (TRANSMISION DE DATOS)   |x REDES DE TELECOMUNICACIONES   |x  ADMINISTRACION   |x DISEÑO   |x SISTEMAS DE TRANSMISION DE DATOS   |x EQUIPO  |9 5694 
942 |c TFG 
999 |c 17217  |d 17217